the effect of incubation on domestic egg using automatic electric incubator ប្រសិទ្ធភាពនៃការភ្ងាស់ស៊ុតមាន់ក្នុងស្រុកដោយប្រើទូរភ្ងាស់អគ្គីនីស្វ័យប្រវត្តិ (Record no. 18261)

000 -LEADER
fixed length control field 00685nam a22001337a 4500
040 ## - CATALOGING SOURCE
Transcribing agency RUA
082 ## - DEWEY DECIMAL CLASSIFICATION NUMBER
Classification number ANS LEO 2018 B648 Or.1
100 ## - MAIN ENTRY--AUTHOR NAME
Personal name LEOM MENGHAK លឹម ម៉េងហាក់
245 ## - TITLE STATEMENT
Title the effect of incubation on domestic egg using automatic electric incubator ប្រសិទ្ធភាពនៃការភ្ងាស់ស៊ុតមាន់ក្នុងស្រុកដោយប្រើទូរភ្ងាស់អគ្គីនីស្វ័យប្រវត្តិ
260 ## - PUBLICATION, DISTRIBUTION, ETC. (IMPRINT)
Place of publication RUA
Name of publisher Phnom penh
Year of publication 2018
300 ## - PHYSICAL DESCRIPTION
Number of Pages ix;32p
Other physical details ill;
Dimensions 29cm
856 ## - ELECTRONIC LOCATION AND ACCESS
Uniform Resource Identifier THE EFFECT OF INCUBATION ON DOMESTIC EGG USING AUTOMATIC ELECTRIC INCUBATOR
942 ## - ADDED ENTRY ELEMENTS (KOHA)
Koha item type ANS
952 ## - LOCATION AND ITEM INFORMATION (KOHA)
Withdrawn status [LOCAL, KOHA] 0
952 ## - LOCATION AND ITEM INFORMATION (KOHA)
Withdrawn status [LOCAL, KOHA] 0
952 ## - LOCATION AND ITEM INFORMATION (KOHA)
Withdrawn status [LOCAL, KOHA] 0
952 ## - LOCATION AND ITEM INFORMATION (KOHA)
Withdrawn status [LOCAL, KOHA] 0
952 ## - LOCATION AND ITEM INFORMATION (KOHA)
Withdrawn status [LOCAL, KOHA] 0
952 ## - LOCATION AND ITEM INFORMATION (KOHA)
Withdrawn status [LOCAL, KOHA] 0
Holdings
Permanent Location Date acquired Koha item type Lost status Shelving location Barcode Current Location Full call number
Library Block B2019-10-02ANS B648A42304Library Block BANS LEO 2018 B648 Or.1
Library Block B2019-10-02ANS B648A44341Library Block BANS LEO 2018 B648 Or.2
Library Block B2019-10-02ANS B648A42396Library Block BANS LEO 2018 B648 Or.3
Library Block B2019-10-02ANS B648A43848Library Block BANS LEO 2018 B648 Or.4
Library Block B2019-10-02ANS B648A44266Library Block BANS LEO 2018 B648 Or.5
Library Block B2019-10-02ANS B648A44191Library Block BANS LEO 2018 B648 Or.6
មជ្ឈមណ្ឌលឯការនៃសាកលវិទ្យាល័យភូមិន្ទកសិកម្មចំការដូង

Powered by Koha